01457nam a2200337 a 4500001001000000003000500010005001700015008004100032010001100073011001100084040000900095090001000104100004300114245016600157260004100323500006000364502010300424590004000527590004000567650003400607650002000641650004200661650002800703856007000731901000700801942001000808942000600818999001900824952014000843952013600983000111983CHAP20220329144240.0151112s2015 mx a |sm |||||||spa d a108444 a109416 cCHAP aTesis1 aRodríguez González, Mayela912999810aEvaluación de microorganismos eficaces para la obtención de abono orgánico a partir de estiércol bovinoh[En línea]cpor Mayela Rodríguez González. aBermijillo, Dgo. :bEl autor,c2015. aPara ver el contenido del material haga clic en la liga aTesis (Ingeniero en Sistemas Agrícolas) -- UACH. Unidad Regional Universitaria de Zonas Áridas aE5652GLJb05c20151112lUCH01h1212 aE5652GLJb05c20151112lUCH01h121514aAgricultura orgánica.9200514aCompost.92610514aEstiércol como fertilizante.93831714aMicroorganismos.975519 aFinding aiduhttp://10.13.5.2/tesis/sist111983.pdfzTeclea aquí aBK cTESIS n0 c108444d108444 00102local4053708TESISaBCbBCcPA_TESISd2015-11-12fTESISl0oTesisp33724002509314r2019-12-31 00:00:00tc.2w2019-12-31yTESIS 00104054718TESISaBCbBCd2015-11-12fTESISl0oTesisp33724002511322r2019-12-31 00:00:00w2019-12-31yTESISzRecien adquirido